000 00714cam a2200289 4500
001 J62280
008 000000n2000 000 0 eng u
035 _a(Sirsi) u108528
041 _aeng
050 _a333.337
110 _aGVA Grimley
_93646
245 _aBusiness parks review Spring 2000
260 _aLondon
_bGVA Grimley
_c2000
300 _a1pt. ; 30cm.
350 _a0
650 _aBUSINESS PARKS
650 _aEAST ANGLIA
650 _aMIDLANDS
650 _aNORTH EAST
650 _aNORTHWEST ENGLAND
650 _aSCOTLAND
650 _aSOUTH EAST
650 _aSOUTH WEST
650 _aWALES
690 _aPROPERTY-COMMERCIAL PROPERTY-COMMERCIAL PROPERTY MARKET
942 _n0
999 _c100807
_d100807